| 000 | 00843cab a2200253 4500 | ||
|---|---|---|---|
| 001 | WB2802-13 | ||
| 008 | 090401t1992 xxu||||| |||| 00| 0 eng d | ||
| 035 | _a(Sirsi) u805 | ||
| 041 | _aeng | ||
| 245 | _aLenders` relief as Lords clarify law | ||
| 260 | _c1992 | ||
| 350 | _a0 | ||
| 490 |
_aDaily Telegraph _v7 January 1992, 21(1) |
||
| 520 | _aThe Lords have reinterpreted the legislation behind the Billson case in a more liberal way, thus removing the advantage landlords have recently enjoyed in forfeiting leases by physical re-entry. | ||
| 650 | _aBILLSON AND OTHERS V RESIDENTIAL APARTMENTS LTD | ||
| 650 | _aBREACH OF COVENANT | ||
| 650 | _aFORFEITURE | ||
| 650 | _aLEASES | ||
| 650 | _aPEACEABLE RE-ENTRY | ||
| 650 | _aRELIEF FROM FORFEITURE | ||
| 690 |
_aLandlord and tenant _96252 |
||
| 942 | _n0 | ||
| 948 | _c04/03/1997 | ||
| 999 |
_c438 _d438 |
||